00370nam a2200133 a 4500008004100000050001900041100002600060245003100086246004600117250001100163260003200174300002100206350000900227120416s1975 ||||||||||||||||| || u aHF 5415.13 Wei aWeilbacher, William M10aMarketing management cases aplanning and executing marketing strategy a2nd.ed aNew YorkbMacmillanc(1975) axii, 387p. : ill a0.00